| Tag |
First Indicator |
Second Indicator |
Subfields |
| LEADER |
00000cam a2200000 4500 |
| 001 |
in00000049694 |
| 005 |
20151007073718.0 |
| 008 |
740726s1953 waua b 00000 eng u |
| 010 |
|
|
|a 53006933
|
| 035 |
|
|
|a (OCoLC)00963235
|
| 035 |
|
|
|9 AAF0235AM
|
| 040 |
|
|
|c WSU
|d TXA
|d UtOrBLW
|
| 049 |
|
|
|a TXAM
|c [230050]
|
| 050 |
|
0 |
|a QL391.P9
|b P4
|
| 082 |
0 |
|
|a 595.17
|
| 092 |
|
|
|a 595.17
|b P511s
|
| 100 |
1 |
|
|a Pettibone, Marian H.
|
| 245 |
1 |
0 |
|a Some scale-bearing polychaetes of Puget Sound and adjacent waters.
|
| 264 |
|
1 |
|a Seattle :
|b University of Washington Press,
|c 1953.
|
| 300 |
|
|
|a v, 89 pages :
|b illustrations ;
|c 28 cm.
|
| 336 |
|
|
|a text
|b txt
|2 rdacontent
|
| 337 |
|
|
|a unmediated
|b n
|2 rdamedia
|
| 338 |
|
|
|a volume
|b nc
|2 rdacarrier
|
| 504 |
|
|
|a "References": pages 83-89.
|
| 650 |
|
0 |
|a Polychaeta.
|
| 999 |
|
|
|a MARS
|
| 999 |
f |
f |
|s 5d64d9a5-ae81-3d16-9a95-b612e14c5633
|i 64b72835-b0fb-3bbf-a2fe-3f9ae2974a41
|t 0
|
| 952 |
f |
f |
|p ric
|a Texas A&M University
|b Rellis Campus
|c Joint Library Facility
|d Remote Storage
|t 0
|e QL391.P9 P4
|h Library of Congress classification
|i unmediated -- volume
|m A14801011433
|
| 998 |
f |
f |
|a QL391.P9 P4
|t 0
|l Remote Storage
|